00574nam a22002057a 450000500170000001000130001702000230003003500130005303700160006604000120008208200150009410000180010924500360012726000560016327000590021930000340027850000200031265000180033265000180035020170124110217.0 aB-092013 c345.00a8122414710 aB-092013 bCen Lib/Ret aDPLbEN a617.7bKHU aKhuran, A.K.  aOpthalmology /cby A.K. Khuran  aNew Delhi bNew Age International Publishers c2003 bNew Delhi a4835/24, ansari road, dariya ganj e110002 aviii, 551p.:c25cm(pbk)bill. aIncludes index  aOphthalmology aEye--Diseases